Letters of the Slovak Language - Sudden Death - Statistics

General Stats
  • This quiz has been taken 65 times
  • The average score is 15 of 46
Answers on the Grid
Answers color-coded by a green-red scale on the quiz's grid according to % correct below.
A
J
Ě
Í
Ď
Ś
Ŕ
C
I
T
Š
È
ĎŽ
Č
Á
Ó
Ĺ
Ü
Ń
B
Ch
Ř
O
É
E
N
Ä
M
D
DZ
Ö
Ť
V
Ź
Y
IE
Ú
Đ
Ć
L
Ň
H
G
U
F
Q
Z
X
S
IU
Ľ
K
À
Ů
R
W
Ô
P
Lj
Ý
Ž
IA
 
Answer Stats
Answer % Correct
A
100%
J
85%
T
70%
C
68%
I
63%
Í
53%
Š
53%
Ď
48%
E
45%
O
43%
Č
40%
D
40%
M
40%
N
40%
V
40%
F
38%
L
38%
U
38%
Z
38%
B
35%
G
35%
K
35%
S
35%
Y
35%
Á
33%
H
33%
P
33%
R
33%
Ó
25%
Ŕ
23%
Ž
20%
Ĺ
18%
Ť
18%
Ä
15%
Ch
15%
É
15%
W
15%
X
15%
Ľ
13%
Ú
13%
Q
10%
Ý
10%
Ň
8%
DZ
5%
5%
Ô
5%
No matching quizzes found
Score Distribution
Percent of People with Each Score
Percentile by Number Answered
Your Score History
You have not taken this quiz